00668nam a2200181 a 450000100100000000500170001000800410002704000250006808200130009310000280010624500890013426000650022330000210028870000340030904900090034395201170035299900170046900002532620200930023717.0110214s1951 xxu r 000 0 spa d aDO-SdBNPbspacBNPHU ann*bnn*1 aBroadus, Juan A.95187010aTratado sobre la predicación /cJuan A. Broadus ; traducción de Ernesto Barocio. aTexas :bCasa Bautista de Publicaciones ;bEl Lucero,c1951. a332 p. ;c20 cm.1 aBarocio, Ernesto,etr.951871 aBNGR 001054708MOaGRbGRcCTd2011-02-14iLF1l0onn* nn*p25326-10r2020-06-25w2020-06-25y4ZPréstamo en sala c24818d24818